000 00184 a2200097 4500
020 _a9780440862314
041 _aeng
100 _aJacqueline Wilson
245 _aGlubbslyme
942 _cK
999 _c26734
_d26734